| 000 | 00521nam a2200145Ia 4500 | ||
|---|---|---|---|
| 999 |
_c19427 _d19427 |
||
| 082 | _aTR.0137 | ||
| 100 | _aReddy, V.V. Ramana | ||
| 245 | 0 | _aRole of institutional finance in Indian agriculture : A study with reference to Chittoor district | |
| 260 |
_c1989 _bSri Venkateswara University |
||
| 300 | _a245p. + C D-5 | ||
| 650 | _aAGRICULTURAL CREDIT - ANDHRA PRADESH - CHITTOOR DISTRICT | ||
| 650 | _aFINANCIAL INSTITUTIONS - ANDHRA PRADESH - CHITTOOR DISTRICT | ||
| 710 | _aMurti, V. Satyanarayana | ||
| 942 |
_cTH _2ddc |
||